Saudi Arabia Players Biggest Transfers - Statistics

General Stats
  • This quiz has been taken 11 times
  • The average score is 9 of 37
Answer Stats
Player From Joined % Correct
CB Khalifah Al-Dawsari 21/22 Al-Qadsiah Al-Hilal
63%
CM Faisal Al-Ghamdi 23/24 Al-Ettifaq Al-Ittihad
38%
ST Firas Al-Buraikan 23/24 Al-Fateh Al-Ahli
38%
ST Firas Al-Buraikan 21/22 Al-Nassr Al-Fateh
38%
CB Hassan Tambakti 23/24 Al-Shabab Al-Hilal
38%
GK Mohammed Al-Owais 21/22 Al-Ahli Al-Hilal
38%
CB Osama Hawsawi 12/13 Anderlecht Al-Ahli
38%
ST Saleh Al-Shehri 20/21 Al-Raed Al-Hilal
38%
AM Yahya Al-Shehri 13/14 Al-Ettifaq Al-Nassr
38%
ST Yasser Al-Qahtani 05/06 Al-Qadsiah Al-Hilal
38%
DM Abdulelah Al-Malki 21/22 Al-Ittihad Al-Hilal
25%
LB Abdullah Al-Ammar 23/24 Damac Al-Ahli
25%
LW Abdulrahman Ghareeb 22/23 Al-Ahli Al-Nassr
25%
DM Ali Al-Hassan 20/21 Al-Fateh Al-Nassr
25%
LB Hamdan Al-Shammrani 19/20 Al-Faisaly Al-Ittihad
25%
ST Haroune Camara 19/20 Al-Qadsiah Al-Ittihad
25%
LW Hattan Bahebri 18/19 Al-Shabab Al-Hilal
25%
ST Naif Hazazi 15/16 Al-Shabab Al-Nassr
25%
ST Nasser Al-Shamrani 07/08 Al-Wehda Al-Shabab
25%
RW Abdulaziz Al-Bishi 18/19 Al-Faisaly Al-Ittihad
13%
ST Abdulfattah Adam 19/20 Al-Taawoun Al-Nassr
13%
RW Abdulfattah Asiri 20/21 Al-Ahli Al-Nassr
13%
ST Abdullah Al-Mogren 23/24 Al-Ahli Al-Fateh
13%
RW Abdulrahman Al-Oboud 19/20 Al-Ettifaq Al-Ittihad
13%
LB Ahmed Akash 15/16 Al-Ettifaq Al-Nassr
13%
GK Ahmed Al-Kassar 15/16 Al-Raed Al-Ettifaq
13%
LB Ahmed Bamsaud 22/23 Al-Fayha Al-Ittihad
13%
SS Ali Awagi 16/17 Al-Wehda Al-Ahli
13%
CB Ali Lajami 20/21 Al-Fateh Al-Nassr
13%
LW Fawaz Al-Torais 20/21 Al-Ettifaq Al-Hilal
13%
GK Habib Al-Wutaian 20/21 Al-Fateh Al-Hilal
13%
LW Hassan Al-Omari 21/22 Al-Qadsiah Al-Taawoun
13%
LB Hassan Kadesh 23/24 Al-Taawoun Al-Ittihad
13%
LB Hassan Kadesh 17/18 Al-Ettifaq Al-Hilal
13%
ST Ismael Al-Maghrabi 15/16 Al-Ahli Al-Shabab
13%
ST Marzouq Al-Otaibi 00/01 Al-Shabab Al-Ittihad
13%
RB Osama Al-Khalaf 20/21 Al-Hazem Al-Nassr
13%
No matching quizzes found
Score Distribution
Percent of People with Each Score
Percentile by Number Answered
Your Score History
You have not taken this quiz